• 首页
  • 本馆介绍
  • 公告通知
  • 最新文献
  • 馆藏检索
  • 电子资源
  • 读者导购
  • 参考咨询
  • 我的图书馆
  • 登录
  • 详细信息显示
  • 放入我的书架
  • 预约/预借图书
  • 作者相关作品
  • 分类相关作品
  • 丛书相关作品
  • 出版社相关作品

书目信息

  • 表格格式
  • 工作单格式
  • 卡片格式
题名:
每天读点口才学与博弈论
    
 
作者: 长松 编著
分册:  
出版信息: 北京   时事出版社  2015
页数: 328页
开本: 24cm
丛书名:
单 册:
中图分类: H019-49 , O225-49
科图分类:
主题词: 口才学--通俗读物 , 博弈论--普及读物
电子资源:
ISBN: 978-7-80232-866-2
000 00796nam0 2200253 450
001 012001000163
005 20140920091301.0
010    @a978-7-80232-866-2@dCNY35.00
100    @a20151101d2015 em y0chiy50 ea
101 0  @achi
102    @aCN@b110000
105    @ay z 000yy
106    @ar
200 1  @a每天读点口才学与博弈论@9Mei Tian Du Dian Kou Cai Xue Yu Bo Yi Lun@f长松编著
210    @a北京@c时事出版社@d2015
215    @a328页@d24cm
330    @a本书从实用的角度出发,一手口才学,一手博弈论,将两套学问的精髓充分展示,为读者提供新的生存法则与赢家策略。
606 0  @a口才学@j通俗读物
606 0  @a博弈论@j普及读物
690    @aH019-49@v5
690    @aO225-49@v5
701  0 @a长松@9Chang Song@4编著
801  0 @aCN@b上海新华@c20180901
905    @b1040804-08@dH019-49@e296@f5
    
    每天读点口才学与博弈论/长松编著.-北京:时事出版社,2015
    328页;24cm
    
    
    ISBN 978-7-80232-866-2:CNY35.00
    本书从实用的角度出发,一手口才学,一手博弈论,将两套学问的精髓充分展示,为读者提供新的生存法则与赢家策略。
●
相关链接 在E读中查询图书 在五车中查询图书 在当当中查询图书 在豆瓣中查询图书


正题名:每天读点口才学与博弈论     索取号:H019-49/296         预约/预借

序号 登录号 条形码 馆藏地/架位号 状态 备注
1 1040804   210408049   第二样本阅览室/ [索取号:H019-49/296] 在馆    
2 1040805   210408058   第四借阅区/ [索取号:H019-49/296] 在馆    
3 1040806   210408067   密集书库-文学院/ [索取号:H019-49/296] 在馆    
4 1040807   210408076   第四借阅区/ [索取号:H019-49/296] 在馆    
5 1040808   210408085   第四借阅区/ [索取号:H019-49/296] 在馆    
唐山师范学院图书馆 欢迎您!
大连网信软件有限公司© 版权所有